00827nam a2200253 a 4500999001500000001000500015003000900020005001700029008004100046020001500087040003300102082002000135100001900155245006700174250001200241260003600253300004700289500001900336650002400355650004500379700001900424942001200443952011800455 c7336d73362339BD-DhUAP20210119143739.0210119s1999 ii a 001 0 eng d a8176353213 aDLCcDLCdDLCdBD-DhUAPbeng00a004.165 NOR2231 aNorton, Peter.10aPeter Norton's inside the PC /cPeter Norton and John Goodman. a8th ed. aNew Delhi :bTechmedia,cc1999. axxiv, 816 pages :billustrations ;c24 cm. aIncludes index 0aIBM microcomputers. 0aIBM Personal System/2 (Computer system).1 aGoodman, John. 2ddccBK 00102ddc4070aUAPCLbUAPCLcGeneral Stacksd2021-01-19o004.165 NORp3010002339r2021-01-19t1w2021-01-19yBK